| 000 | 00905nam a2200289Ia 4500 | ||
|---|---|---|---|
| 003 | OSt | ||
| 005 | 20250603104352.0 | ||
| 008 | 210210b1975 xxu||||| |||| 00| 0 eng d | ||
| 040 | _cAL | ||
| 041 | _aKannada | ||
| 082 | _aK894.9 SAMA | ||
| 100 |
_aSAMANYANIGE SAHITYA CHARITRE _dಸಾಮಾನ್ಯನಿಗೆ ಸಾಹಿತ್ಯ ಚರಿತ್ರೆ _9201385 |
||
| 245 |
_aSangatya kavigalu S9 _bಸಾಂಗತ್ಯ ಕವಿಗಳು ಸಂ- 9 |
||
| 260 |
_aBengaluru _bVishvavidyanilaya _c1975 |
||
| 300 | _aviii,228 | ||
| 440 |
_a9 _9201386 |
||
| 650 |
_aSangatya _9201387 |
||
| 650 |
_aS9 _9201388 |
||
| 650 |
_aNagarajayya _9201389 |
||
| 650 |
_akavigalu _9201390 |
||
| 650 |
_aHampa _9201391 |
||
| 650 |
_aby _9201392 |
||
| 690 |
_aKannada Criticism _9201393 |
||
| 700 |
_aHampa Nagarajayya _dಹಂಪ ನಾಗರಾಜಯ್ಯ _9201394 |
||
| 906 | _a038211 | ||
| 942 |
_2ddc _cBK |
||
| 999 |
_c88458 _d88458 |
||